La cautiva ; El matadero / (Registro nro. 17425)
[ vista simple ]
| 000 -CABECERA | |
|---|---|
| fixed length control field | 00937nam a22002417a 4500 |
| 005 - FECHA Y HORA DE LA ULTIMA TRANSACCIÓN | |
| control field | 20260319064218.0 |
| 008 - ELEMENTOS DE LONGITUD FIJA | |
| fixed length control field | 141024b2007 ag ||||| |||| 00| 0 spa d |
| 020 ## - ISBN | |
| ISBN | 9789875802285 |
| 040 ## - FUENTE DE CATALOGACIÓN | |
| Agencia de catalogación original | AR-MoUNM |
| 082 0# - NÚMERO DE CLASIFICACIÓN DECIMAL DEWEY (C.D.D.) | |
| Número de la edición | 20 |
| Número de la Clasificación Decimal de Dewey (C.D.D.) | AR861.5 |
| Número del ítem | ECH 18 |
| 100 1# - ENTRADA PRINCIPAL - NOMBRE DE PERSONA | |
| 9 (RLIN) | 6210 |
| Nombre personal | Echeverría, Esteban. |
| 245 13 - MENCIÓN DEL TÍTULO | |
| Título | La cautiva ; El matadero / |
| Mención de responsabiblidad | Esteban Echeverría. |
| 260 ## - PUBLICACIÓN, DISTRIBICIÓN, ETC. | |
| Lugar de publicación, distribución, etc. | Buenos Aires : |
| Nombre del editor, distribuidor, etc. | Booket, |
| Fecha de publicación, distribución, etc. | c2007. |
| 300 ## - DESCRIPCIÓN FÍSICA | |
| Extensión | 153 p. ; |
| Dimensiones [El subcampo es A para Materiales Mixtos] | 19 cm. |
| 490 0# - MENCIÓN DE SERIE | |
| Mención de Serie | (Clásicos argentinos) |
| 505 0# - NOTA DE CONTENIDO NORMALIZADA | |
| Nota de contenido normalizada | La cautiva: Primera parte: El desierto.-- Segunda parte: El festín.-- Tercera parte: El puñal.-- Cuarta parte: La alborada.-- Quinta parte: El pajonal.-- Sexta parte: La espera.-- Séptima parte: La quemazón.--Octava parte: Brian.--Novena parte: María. |
| 505 0# - NOTA DE CONTENIDO NORMALIZADA | |
| Nota de contenido normalizada | El matadero |
| 650 #7 - ENTRADA SECUNDARIA DE MATERIA - TÉRMINO TEMÁTICO | |
| Término temático o nombre geográfico como elemento de entrada | LITERATURA |
| Subdivisión geográfica | ARGENTINA |
| Fuente de la entrada o término | unescot |
| 9 (RLIN) | 1913 |
| 650 #7 - ENTRADA SECUNDARIA DE MATERIA - TÉRMINO TEMÁTICO | |
| Término temático o nombre geográfico como elemento de entrada | POESIA |
| Fuente de la entrada o término | unescot |
| 9 (RLIN) | 704 |
| 650 #7 - ENTRADA SECUNDARIA DE MATERIA - TÉRMINO TEMÁTICO | |
| Fuente de la entrada o término | unescot |
| Término temático o nombre geográfico como elemento de entrada | NOVELA |
| 9 (RLIN) | 608 |
| 773 ## - ENTRADA DEL ÍTEM FUENTE | |
| ISBN | 9789502317977 |
| 942 ## - ADDED ENTRY ELEMENTS (KOHA) | |
| Item type | Libros |
| Withdrawn status | Lost status | Damaged status | Not for loan | Home library | Current library | Date acquired | Source of acquisition | Inventory number | Total Checkouts | Full call number | Barcode | Date last seen | Copy number | Price effective from | Koha item type |
|---|---|---|---|---|---|---|---|---|---|---|---|---|---|---|---|
| Colección general | Colección general | 22/06/2022 | Donación Nancy Mateos | 22818 | AR 861.5 ECH 18 | 22818 | 22/06/2022 | Ej. C | 22/06/2022 | En tránsito |


